| 000 | 00809cam a2200229 4500 | ||
|---|---|---|---|
| 008 | 000000n2000 000 0 eng u | ||
| 020 | _a0113221436 | ||
| 035 | _a(Sirsi) u103867 | ||
| 050 | _a692.8 | ||
| 110 |
_aNHS Estates _92893 |
||
| 245 | _aGuide to the JCT Intermediate Form of Building Contract for Works of Simple Content - 1998 edition (as amended) | ||
| 260 |
_aLondon _bStationery Office _c2000 |
||
| 300 | _a86p. ; 30cm. | ||
| 350 | _a60.00 | ||
| 520 | _aForms part of Concode set of documents and FILED in Concode Volume 2. | ||
| 650 | _aBUILT ENVIRONMENT-BUILDING CONTRACT FORMS | ||
| 650 | _aINTERMEDIATE CONTRACT | ||
| 650 | _aJCT INTERMEDIATE FORMS OF CONTRACT | ||
| 650 | _aNATIONAL HEALTH SERVICE | ||
| 690 | _aBUILDING AND CONSTRUCTION-CONTRACTS-JCT CONTRACTS | ||
| 942 | _n0 | ||
| 999 |
_c100181 _d100181 |
||